Państwa bez liter: J E T P U N K - Statystyki

Ogólne statystyki
  • Ten quiz został rozwiązany 213 razy
    182 od ostatniego zresetowania
  • Średni wynik to 4 z 19
Statystyki odpowiedzi
Państwa % Poprawnych
Włochy
37%
Brazylia
30%
Fidżi
30%
Mali
30%
Czad
29%
Laos
25%
Libia
24%
Zambia
23%
Węgry
19%
Boliwia
18%
Samoa
16%
Gambia
13%
Malawi
12%
Somalia
12%
Bahamy
11%
Syria
11%
Barbados
9%
Mołdawia
7%
Salwador
7%
Nie znaleziono quizów pasujących do podanych kryteriów
Rozkład punktacji
Procent ludzi z każdym wynikiem
Percentyl według liczby udzielonych odpowiedzi
Twoja historia wyników
Nie rozwiązałeś tego quizu od ostatniego zresetowania